000 00335nam a22001457a 4500
003 OSt
005 20160727222416.0
008 160625b xxu||||| |||| 00| 0 eng d
040 _cTEST
100 _91129
_a Prince, E
245 _aMargaret's Story
260 _aN.Y
_b Bantam Books
_c1982
300 _aMargaret's Story
942 _2ddc
_cBK
999 _c912
_d912